00954 a2200181 45000010006000000050017000060080041000230030015000640400040000790800054001192450039001732500012002122640049002243000019002735050450002920410008007421000022007505543520260407155829.0260407a1952 arg spa dAR-UNSa-BCEJYS aAR-UNSa-BCEJYSbspacAR-UNSa-BCEJYS a001.1xConceptos de la ciencia y del conocimiento10aCiencia cultural y ciencia natural a3a. ed. 1aBuenos Aires :bEspasa-Calpe Argentinac1952 a228 p.c18 cm. a1. El problema - 2. La situación histórica - 3. La oposiciòn capital - 4. Naturaleza y cultura - 5. Concepto y realidad - 6. El método naturalista - 7. Naturaleza e historia - 8. Historia y psicología - 9. Historia y arte - 10. Las ciencias culturales históricas - 11. Los territorios intermedios - 12. La individualidad cuantitativa - 13. La individualidad indiferente a los valores - 14. La objetividad de la historia de la cultura aspa1 aRickert, Heinrich